Dopady vstupu Slovenskej republiky do Eurozóny na fiškálnu politiku bakalárska práca

Salvato in:
Dettagli Bibliografici
Autore principale: Konečná, Martina
Ente Autore: Národohospodárska fakulta EU. Katedra financií
Altri autori: Péliová, Jana, 1976-
Natura: Libro
Lingua:slovacco
Pubblicazione: Bratislava 2010
Tags: Aggiungi Tag
Nessun Tag, puoi essere il primo ad aggiungerne!!

MARC

LEADER 00000nbm a2200000 4500
001 0133263
005 20161109111516.2
041 0 |a slo 
044 |a SK 
245 1 0 |a Dopady vstupu Slovenskej republiky do Eurozóny na fiškálnu politiku  |b bakalárska práca  |c Martina Konečná ; školiteľ: Jana Péliová 
264 1 |a Bratislava  |c 2010 
300 |a 44 s. 
100 1 |a Konečná, Martina 
700 1 |a Péliová, Jana, 1976- 
710 2 |a Národohospodárska fakulta EU. Katedra financií